[Event "World Junior U20 Open 2018"]
[Site "Gebze"]
[Date "2018.09.11"]
[Round "7.43"]
[White "Ozgur, Tibet Kagan"]
[Black "Ozen, Deniz"]
[Result "0-1"]
[WhiteElo "2056"]
[BlackElo "2431"]
[Annotator "TA"]
[PlyCount "212"]
[EventDate "2018.09.05"]
[EventType "swiss"]
[EventCountry "TUR"]
[SourceTitle "playchess.com"]
[Source "ChessBase"]
[SourceQuality "1"]

{[%evp 21,211,40,47,44,52,22,66,41,67,68,95,72,108,92,87,92,85,81,86,77,88,86,88,98,90,24,24,23,30,37,43,16,21,0,0,0,22,12,7,0,28,0,0,0,0,0,-4,-8,3,0,5,0,8,0,39,0,0,0,0,0,0,0,0,0,0,0,0,0,0,0,0,0,0,0,0,0,0,0,0,0,0,0,0,0,0,0,0,0,0,0,0,0,0,0,0,0,0,0,0,0,0,0,0,0,0,0,0,0,0,0,0,0,0,0,0,0,0,0,0,0,0,0,0,0,0,0,0,0,0,0,0,0,0,0,0,0,0,0,0,0,0,0,0,0,0,-6,-6,-6,0,-6,0,-6,-6,-6,0,0,0,0,0,0,0,-122,-122,-122,0,0,0,-122,-122,-122,-122,-122,-122,-122,-122,-122,-122,-122,-122,-122,-122,-158,-150,-151,-122,-122,-122,-122,-122,-158,-158,-29999]} 1. c4 e5 2. g3 Nf6 3. Bg2 Nc6 4. Nc3 Bb4 5. Nd5 Bc5 6. e3 O-O 7. Ne2 Nxd5 8. cxd5 Ne7 9. O-O d6 10. d4 exd4 11. Nxd4 Nf5 {LiveBook: 3 Games. A29: English Opening: Four Knights Variation with 4 g3} 12. Nb3 (12. Ne2 Qf6 13. Rb1 a5 14. b3 Bd7 15. Bb2 Qh6 16. e4 Ne7 17. Bd4 b6 18. Qc1 Qh5 19. Nf4 {0-1 (39) Ivanchuk,V (2738)-Nepomniachtchi,I (2732) Leuven 2017}) 12... Bb6 $1 13. a4 {[%cal Ba2a4,Ba4a5][%mdl 32] With the idea e4.} a6 {[#] The position is equal.} 14. Qd3 $146 ({Predecessor:} 14. Bd2 Re8 15. Qc2 Bd7 16. Rfc1 a5 17. Qd3 Ne7 18. Rc4 c6 19. dxc6 Bxc6 {Kuznetsov,S (2505)-Sprenger,E (2445) ICCF corr 1998}) 14... Qf6 15. Bd2 Re8 16. Bc3 Qh6 17. e4 Ne7 18. a5 Ba7 19. Bd4 Bxd4 20. Nxd4 ({Of course not} 20. Qxd4 Bh3 $11) 20... Bd7 21. Rac1 c5 22. dxc6 $1 Nxc6 23. Nxc6 (23. Nf5 $16 Bxf5 24. exf5) 23... Bxc6 $11 24. Rfd1 Qg5 25. b4 Rad8 26. f4 Qe7 27. Kf2 h6 {[%cal Rc6e4]} 28. Re1 Qf6 29. Qc3 Qe6 30. Qc4 Qe7 31. Rcd1 Ba4 32. Rd4 Rc8 33. Qd3 Rc2+ 34. Kg1 Qe6 35. Ra1 Ra2 36. Rxa2 Qxa2 37. Rxd6 Bc2 38. Qd2 (38. Qd5 $5 {[%cal Rd5a2]} Qb1+ 39. Kf2 $14) 38... Qb1+ 39. Kf2 Bxe4 40. Rd8 Rxd8 41. Qxd8+ Kh7 42. Bxe4+ Qxe4 {[%mdl 4096] Endgame KQ-KQ} 43. Qd2 h5 44. Qe1 Qd5 45. Qb1+ Kg8 46. Qb2 Qe4 47. Qc3 Kh7 48. Qe1 Qd5 49. Qb1+ g6 50. Qb2 Qe4 51. Qd2 Kg7 52. Qc3+ Kh7 53. Qd2 Qh1 54. Ke3 Qg1+ 55. Qf2 Qb1 56. Qd2 Qg1+ 57. Qf2 Qh1 58. Kd4 Qc6 59. Qd2 Qb5 60. Qc3 Qd7+ 61. Kc5 {Hoping for Kb6.} Qc6+ 62. Kd4 Qd6+ 63. Ke3 Qe6+ 64. Kd4 Qd6+ 65. Ke3 Qd5 66. Qd2 Qb3+ 67. Kd4 Qe6 68. Kc5 Qc6+ 69. Kd4 b6 70. axb6 Qxb6+ 71. Ke4 Qe6+ 72. Kf3 h4 73. gxh4 Qh3+ 74. Ke4 Qxh4 75. Kf3 Qh3+ 76. Ke4 Qb3 77. Kd4 Qa4 78. Ke3 Qb5 79. Kf3 Qf5 80. Kg3 Qe4 81. Qc3 Qd5 82. Kf2 Qe6 83. Kg3 Kg8 84. Qd2 Qf6 85. Kg4 Qa1 86. Qd8+ Kg7 87. Qd2 f5+ 88. Kf3 Qf1+ 89. Kg3 Qg1+ 90. Kf3 Kh6 91. Qf2 (91. h3 $11) 91... Qd1+ $17 92. Kg2 Kg7 93. Qa7+ Kh6 94. Qf2 Qd6 95. Qb2 {[%cal Rb2h8] [#]} Qxf4 96. Qh8+ Kg5 {Strongly threatening ...Qg4+.} 97. Qd8+ Kh5 {And now ...Qe4+ would win.} 98. Qh8+ Qh6 99. Qc3 Qg5+ 100. Kh1 Qf4 {[%cal Rf4f1]} 101. Qh3+ Kg5 {aiming for ...Qe4+.} 102. Qg2+ Kh6 {White must now prevent ...Qc1+.} 103. Qh3+ {[#]} Kg7 $1 104. Qc3+ Kf7 {[%cal Rf4f1]} 105. Qb3+ Ke7 {[%cal Rf4f1]} 106. Qa3 $2 (106. Kg1 $17) 106... Qf1# {Precision: White = 65%, Black = 65%.} 0-1

[Event "World Junior U20 Open 2018"]
[Site "Gebze"]
[Date "2018.09.11"]
[Round "7.44"]
[White "Ozer, Omer Faruk"]
[Black "Milosevic, Milos"]
[Result "0-1"]
[WhiteElo "2388"]
[BlackElo "2292"]
[Annotator "RC"]
[PlyCount "90"]
[EventDate "2018.09.05"]
[EventType "swiss"]
[EventCountry "TUR"]
[SourceTitle "playchess.com"]
[Source "ChessBase"]
[SourceQuality "1"]
[TimeControl "40/5400+30:1800+30"]

1. e4 {[%emt 0:00:30]} e5 {[%emt 0:00:30]} 2. Nf3 {[%emt 0:01:30]} d6 {[%emt 0:00:00]} 3. d4 {[%emt 0:00:30]} exd4 {[%emt 0:00:00]} 4. Nxd4 {[%emt 0:00:30]} Nf6 {[%emt 0:00:00]} 5. Nc3 {[%emt 0:03:30]} Be7 {[%emt 0:00:00]} 6. Be2 {[%emt 0:00:30]} O-O {[%emt 0:00:30]} 7. O-O {[%emt 0:05:30]} Re8 {[%emt 0:00:00]} 8. Re1 {[%emt 0:00:30]} Bf8 {[%emt 0:00:00]} 9. Bf3 {[%emt 0:03:30]} Nbd7 {[%emt 0:04:30]} 10. g3 {[%emt 0:01:30]} c6 {[%emt 0:03:30]} 11. Bg2 {[%emt 0:01:30]} Nc5 {[%emt 0:04:30]} 12. b3 {[%emt 0:05:30]} a5 {[%emt 0:05:30]} 13. a4 {[%emt 0:01:30]} g6 {[%emt 0:00:30]} 14. Bb2 {[%emt 0:06:30]} Bg7 {[%emt 0:01:30]} 15. Qd2 {[%emt 0:00:30]} Qb6 {[%emt 0:01:30]} 16. h3 {[%emt 0:00:30]} Bd7 {[%emt 0:01:30]} 17. Kh1 {[%emt 0:18:30]} Rad8 {[%emt 0:01:30]} 18. g4 {[%emt 0:06:30]} Bc8 {[%emt 0:03:30]} 19. Rad1 {[%emt 0:02:30]} h6 {[%emt 0:15:30]} 20. Qc1 {[%emt 0:01:30]} d5 {[%emt 0:09:30]} 21. exd5 {[%emt 0:01:30]} Rxe1+ {[%emt 0:03:30]} 22. Rxe1 {[%emt 0:00:00]} cxd5 {[%emt 0:00:30]} 23. Ncb5 {[%emt 0:03:00]} Nfe4 {[%emt 0:09:30]} 24. f3 {[%emt 0:00:30]} Nd6 {[%emt 0:00:30]} 25. Nxd6 {[%emt 0:10:30]} Qxd6 {[%emt 0:02:30]} 26. Qd2 {[%emt 0:00:30]} b6 {[%emt 0:05:30]} 27. Nb5 {[%emt 0:04:48]} Qf8 {[%emt 0:05:30]} 28. Bxg7 {[%emt 0:00:32]} Qxg7 {[%emt 0:00:30]} 29. Qf4 {[%emt 0:00:20]} d4 {[%emt 0:07:28]} 30. Bf1 {[%emt 0:05:54]} Ne6 {[%emt 0:01:55]} 31. Qb8 {[%emt 0:01:23]} Qf6 {[%emt 0:02:39]} 32. Qxb6 {[%emt 0:00:16]} Qh4 {[%emt 0:00:28]} 33. Re4 {[%emt 0:05:20]} Rf8 {[%emt 0:01:47]} 34. Nxd4 {[%emt 0:07:35]} Ng5 {[%emt 0:01:21]} 35. Re2 {[%emt 0:00:13]} h5 {[%emt 0:06:00]} 36. Qf6 {[%emt 0:01:17]} hxg4 {[%emt 0:01:06]} 37. fxg4 {[%emt 0:00:31]} Bb7+ {[%emt 0:02:10]} 38. Bg2 {[%emt 0:00:47]} Qxh3+ {[%emt 0:00:39]} 39. Kg1 {[%emt 0:00:01]} Bxg2 {[%emt 0:01:07]} 40. Rxg2 {[%emt 0:00:00]} Qe3+ {[%emt 0:00:00]} 41. Kh2 {[%emt 0:03:33]} Re8 {[%emt 0:06:50]} 42. Re2 {[%emt 0:10:57]} Qh3+ {[%emt 0:05:30]} 43. Kg1 {[%emt 0:00:02]} Qxg4+ {[%emt 0:00:30]} 44. Kh1 {[%emt 0:00:01]} Rxe2 {[%emt 0:03:50]} 45. Nxe2 {[%emt 0:00:10]} Nf3 {[%emt 0:00:18]} 0-1

[Event "World Junior U20 Open 2018"]
[Site "Gebze"]
[Date "2018.09.11"]
[Round "7.45"]
[White "Thilakarathne, G M H"]
[Black "Miciano, John Marvin"]
[Result "0-1"]
[WhiteElo "2238"]
[BlackElo "2374"]
[Annotator "NA"]
[PlyCount "126"]
[EventDate "2018.09.05"]
[EventType "swiss"]
[EventCountry "TUR"]
[SourceTitle "playchess.com"]
[Source "ChessBase"]
[SourceQuality "1"]
[TimeControl "40/5400+30:1800+30"]

1. e4 {[%emt 0:00:30]} d6 {[%emt 0:00:30]} 2. d4 {[%emt 0:00:00]} Nf6 {[%emt 0:00:30]} 3. Nc3 {[%emt 0:00:00]} g6 {[%emt 0:00:30]} 4. Bg5 {[%emt 0:00:30]} Bg7 {[%emt 0:01:30]} 5. Qd2 {[%emt 0:00:30]} c6 {[%emt 0:00:30]} 6. O-O-O {[%emt 0:01:30]} O-O {[%emt 0:01:30]} 7. f4 {[%emt 0:00:30] B07: Pirc Defence: Miscellaneous Systems} (7. Bh6 Qa5 8. Bxg7 Kxg7 9. Kb1 Nbd7 10. h4 h5 11. f3 b5 12. Bd3 b4 13. Nce2 c5 14. g4 Qc7 15. dxc5 dxc5 {0-1 (66) Rublevsky,S (2702)-Mamedyarov,S (2736) Berlin 2015}) 7... b5 {[%emt 0:00:30]} 8. Bd3 {[%emt 0:05:30]} Qa5 {[%emt 0:05:30]} 9. Kb1 {[%emt 0:08:30]} b4 {[%emt 0:04:30]} 10. Nce2 {[%emt 0:00:30]} c5 {[%emt 0:02:30]} 11. Bxf6 $146 {[%emt 0:22:30]} ({Predecessor:} 11. dxc5 Qxc5 12. Nf3 Nc6 13. f5 Ng4 14. h3 Nge5 {1-0 (34) Stojanovic,D (2469)-Drljevic,L (2244) Budva 2009}) 11... exf6 {[%emt 0:06:30]} 12. f5 {[%emt 0:04:30]} Bb7 {[%emt 0:05:30]} (12... Ba6 $11 13. Bxa6 Nxa6) 13. h4 {[%emt 0:07:30]} gxf5 {[%emt 0:15:30]} 14. exf5 {[%emt 0:20:30]} Bd5 {[%emt 0:06:30]} 15. b3 {[%emt 0:05:58]} Nd7 {[%emt 0:03:30]} 16. Rh3 {[%emt 0:02:36]} Kh8 {[%emt 0:03:30]} 17. g4 {[%emt 0:04:16]} Nb6 {[%emt 0:01:30]} 18. Nf4 {[%emt 0:10:00]} c4 {[%emt 0:02:30]} 19. Be2 {[%emt 0:00:32]} (19. Nxd5 $11 Nxd5 20. Bxc4) 19... Rac8 {[%emt 0:02:30]} 20. Bf3 {[%emt 0:01:22]} Bh6 {[%emt 0:14:33]} ({Black should try} 20... Bxf3 $17 21. Nxf3 cxb3 22. axb3 Rc3) 21. g5 $1 {[%emt 0:00:33]} cxb3 {[%emt 0:02:53]} 22. axb3 {[%emt 0:00:39]} Nc4 {[%emt 0:01:30]} 23. bxc4 {[%emt 0:00:32]} Bxc4 {[%emt 0:00:08]} 24. Qg2 {[%emt 0:00:54]} Ba2+ {[%emt 0:11:43]} 25. Kc1 {[%emt 0:00:30]} Qa3+ {[%emt 0:00:00]} 26. Kd2 {[%emt 0:00:00]} Rxc2+ {[%emt 0:00:32]} 27. Ke1 {[%emt 0:00:00]} Rxg2 {[%emt 0:02:00]} 28. Bxg2 {[%emt 0:00:00]} b3 {[%emt 0:01:07]} 29. gxh6 {[%emt 0:00:02]} Qa5+ {[%emt 0:00:00]} 30. Kf2 {[%emt 0:00:44]} Qxf5 {[%emt 0:00:54]} 31. Nge2 {[%emt 0:00:16]} b2 {[%emt 0:00:27]} 32. Ra3 {[%emt 0:01:19]} b1=Q {[%emt 0:00:40]} 33. Rxb1 {[%emt 0:00:09]} Bxb1 {[%emt 0:01:08]} 34. Bh3 {[%emt 0:00:34]} Qb5 {[%emt 0:00:24]} 35. Rxa7 {[%emt 0:00:11]} Be4 {[%emt 0:01:19]} 36. Re7 {[%emt 0:01:54]} f5 {[%emt 0:01:02]} 37. Nh5 {[%emt 0:01:34]} Qd3 {[%emt 0:01:23]} 38. Bg2 {[%emt 0:00:25]} Bxg2 {[%emt 0:00:24]} 39. Kxg2 {[%emt 0:00:03]} Qd2 {[%emt 0:01:01]} 40. Nhf4 {[%emt 0:00:00]} Qe1 {[%emt 0:00:00]} 41. Rd7 {[%emt 0:02:27]} Qxh4 {[%emt 0:07:52]} 42. Rxd6 {[%emt 0:00:00]} Qe7 {[%emt 0:01:30]} 43. Rd5 {[%emt 0:02:00]} Qe3 {[%emt 0:01:30]} 44. Re5 {[%emt 0:00:30]} Rg8+ {[%emt 0:00:30]} 45. Kf1 {[%emt 0:00:30]} Qf3+ {[%emt 0:07:25]} 46. Ke1 {[%emt 0:00:00]} Ra8 {[%emt 0:01:36]} 47. Kd2 {[%emt 0:02:00]} f6 {[%emt 0:00:48]} 48. Re6 {[%emt 0:00:30]} Kg8 {[%emt 0:01:11]} 49. d5 {[%emt 0:02:30]} Kf7 {[%emt 0:05:59]} 50. Rc6 {[%emt 0:01:30]} Ra2+ {[%emt 0:03:49]} 51. Ke1 {[%emt 0:00:30]} Ra4 {[%emt 0:00:49]} 52. Rc7+ {[%emt 0:10:25]} Ke8 $19 {[%emt 0:00:19]} 53. Rc8+ {[%emt 0:08:54]} Kd7 {[%emt 0:00:45]} 54. Rh8 {[%emt 0:00:19]} Rxf4 {[%emt 0:00:47]} 55. Rxh7+ {[%emt 0:00:12]} Ke8 {[%emt 0:00:00]} 56. Nxf4 {[%emt 0:01:09]} Qxf4 {[%emt 0:00:00]} 57. Rh8+ {[%emt 0:00:14]} Kf7 {[%emt 0:00:18]} 58. h7 {[%emt 0:01:27]} Kg7 {[%emt 0:00:30]} 59. Rd8 {[%emt 0:00:00]} Kxh7 {[%emt 0:00:00]} 60. d6 {[%emt 0:00:15]} Qe3+ {[%emt 0:00:52]} 61. Kf1 {[%emt 0:00:08]} Qb6 {[%emt 0:00:06]} 62. Rd7+ {[%emt 0:00:13]} Kg6 {[%emt 0:00:22]} 63. Ke1 {[%emt 0:00:17]} f4 {[%emt 0:00:17]} 0-1

[Event "World Junior U20 Open 2018"]
[Site "Gebze"]
[Date "2018.09.11"]
[Round "7.46"]
[White "Can, Isik"]
[Black "Cadilhac, Igor Tokuichi Kikuc"]
[Result "1-0"]
[WhiteElo "2361"]
[BlackElo "2286"]
[Annotator "NA"]
[PlyCount "91"]
[EventDate "2018.09.05"]
[EventType "swiss"]
[EventCountry "TUR"]
[SourceTitle "playchess.com"]
[Source "ChessBase"]
[SourceQuality "1"]
[TimeControl "40/5400+30:1800+30"]

1. e4 {[%emt 0:00:30]} c5 {[%emt 0:00:30]} 2. Nf3 {[%emt 0:00:00]} g6 {[%emt 0:00:00]} 3. d4 {[%emt 0:00:00]} cxd4 {[%emt 0:00:00]} 4. Nxd4 {[%emt 0:00:00]} Nc6 {[%emt 0:00:00]} 5. Nc3 {[%emt 0:00:00]} Bg7 {[%emt 0:00:00]} 6. Be3 {[%emt 0:00:00]} Nf6 {[%emt 0:00:30]} 7. Bc4 {[%emt 0:00:00]} O-O {[%emt 0:00:30]} 8. Bb3 {[%emt 0:00:00]} Re8 {[%emt 0:00:30] B35: Sicilian: Accelerated Dragon with 5 Nc3: main line} 9. f3 {[%emt 0:01:00]} d5 {[%emt 0:00:00]} 10. exd5 {[%emt 0:15:30]} Nb4 {[%emt 0:00:00]} 11. Nde2 {[%emt 0:05:30]} e6 {[%emt 0:00:30]} 12. Bd4 {[%emt 0:05:30]} exd5 {[%emt 0:00:30]} 13. Qd2 $146 {[%emt 0:09:30]} ({Predecessor:} 13. O-O Be6 14. Bf2 d4 15. Nxd4 Bxb3 16. Nxb3 {½-½ (16) Jakovenko,D (2735)-Gelfand,B (2695) Poikovsky 2018}) 13... Nc6 {[%emt 0:15:30]} 14. O-O-O {[%emt 0:01:30]} Nxd4 {[%emt 0:00:30]} 15. Nxd4 {[%emt 0:00:30]} Be6 {[%emt 0:09:30]} 16. g4 {[%emt 0:07:30]} h5 {[%emt 0:36:30]} (16... Rc8 $14) 17. Nxe6 {[%emt 0:13:30]} fxe6 {[%emt 0:00:30]} 18. Qd3 {[%emt 0:04:30]} Kh7 {[%emt 0:05:30]} 19. Rhg1 {[%emt 0:06:30]} (19. h4 $18) 19... hxg4 {[%emt 0:05:30]} 20. fxg4 {[%emt 0:00:30]} Nd7 {[%emt 0:02:30]} 21. Qh3+ {[%emt 0:05:30]} Kg8 {[%emt 0:00:30]} 22. Nxd5 {[%emt 0:00:30]} Nc5 {[%emt 0:02:15]} 23. Nc3 {[%emt 0:09:09]} Nxb3+ {[%emt 0:02:08]} (23... Qg5+ $16 {might work better.} 24. Kb1 Rad8) 24. axb3 {[%emt 0:00:12]} Qa5 {[%emt 0:04:14]} 25. Kb1 {[%emt 0:00:12]} Rac8 {[%emt 0:09:33]} 26. Qd3 {[%emt 0:02:08]} Qg5 {[%emt 0:04:06] [#]} 27. h4 $18 {[%emt 0:02:19]} Qxh4 {[%emt 0:01:14]} 28. Qxg6 {[%emt 0:00:04]} Qf6 {[%emt 0:00:19]} 29. Qxf6 {[%emt 0:00:30]} Bxf6 {[%emt 0:00:03]} 30. Ne4 {[%emt 0:00:00]} Be5 {[%emt 0:01:23]} 31. Rd7 {[%emt 0:00:00]} Red8 {[%emt 0:00:00]} 32. Rxb7 {[%emt 0:00:28]} Rd4 {[%emt 0:00:11]} 33. Re1 {[%emt 0:00:14]} Rcd8 {[%emt 0:00:57]} 34. Rxa7 {[%emt 0:01:05]} Rd1+ {[%emt 0:00:19]} 35. Rxd1 {[%emt 0:00:30]} Rxd1+ {[%emt 0:00:30]} 36. Ka2 {[%emt 0:00:30]} Rc1 {[%emt 0:00:00]} 37. c3 {[%emt 0:02:11]} Re1 {[%emt 0:00:05]} 38. Nc5 {[%emt 0:00:51]} Bd6 {[%emt 0:00:32]} 39. b4 {[%emt 0:00:00]} e5 {[%emt 0:00:00]} 40. Rd7 {[%emt 0:00:00]} Bf8 {[%emt 0:00:00]} 41. Ne6 {[%emt 0:01:07]} e4 {[%emt 0:02:11]} 42. Rd8 {[%emt 0:00:30]} Kf7 {[%emt 0:00:00]} 43. Nxf8 {[%emt 0:00:30]} e3 {[%emt 0:00:00]} 44. Rd4 {[%emt 0:00:30]} Kxf8 {[%emt 0:00:30]} 45. Re4 {[%emt 0:00:30]} e2 {[%emt 0:00:30]} 46. b5 {[%emt 0:00:00]} 1-0

[Event "World Junior U20 Open 2018"]
[Site "Gebze"]
[Date "2018.09.11"]
[Round "7.47"]
[White "Baenziger, Fabian"]
[Black "Agdelen, Huseyin Can"]
[Result "1/2-1/2"]
[WhiteElo "2360"]
[BlackElo "2280"]
[Annotator "ChessBase"]
[PlyCount "60"]
[EventDate "2018.09.05"]
[EventType "swiss"]
[EventCountry "TUR"]
[SourceTitle "playchess.com"]
[Source "ChessBase"]
[SourceQuality "1"]
[TimeControl "40/5400+30:1800+30"]

1. c4 {[%emt 0:00:30]} e5 {[%emt 0:01:30]} 2. g3 {[%emt 0:00:00]} Nf6 {[%emt 0:00:30]} 3. Bg2 {[%emt 0:00:00]} d5 {[%emt 0:00:30]} 4. cxd5 {[%emt 0:00:30]} Nxd5 {[%emt 0:00:00]} 5. Nf3 {[%emt 0:00:00]} Nc6 {[%emt 0:01:00]} 6. O-O {[%emt 0:00:00]} Be7 {[%emt 0:04:30]} 7. d4 {[%emt 0:04:30]} exd4 {[%emt 0:15:30]} 8. Nxd4 {[%emt 0:00:30]} Nxd4 {[%emt 0:03:30]} 9. Qxd4 {[%emt 0:00:30]} Nf6 {[%emt 0:00:00]} 10. Qa4+ {[%emt 0:01:30]} c6 {[%emt 0:03:00]} 11. Rd1 {[%emt 0:00:30]} Bd7 {[%emt 0:03:30]} 12. Bg5 {[%emt 0:07:30]} O-O {[%emt 0:07:30]} 13. Nc3 {[%emt 0:02:30]} Qc8 {[%emt 0:18:30]} 14. Rac1 {[%emt 0:17:30]} Bh3 {[%emt 0:04:30]} 15. Bxf6 {[%emt 0:13:30]} Bxf6 {[%emt 0:01:30]} 16. Nd5 {[%emt 0:00:30]} Bg5 {[%emt 0:02:30]} 17. e3 {[%emt 0:01:30]} Bxg2 {[%emt 0:07:30]} 18. Kxg2 {[%emt 0:00:30]} Qf5 {[%emt 0:01:30]} 19. Nf4 {[%emt 0:02:30]} Rfe8 {[%emt 0:02:35]} 20. Qc2 {[%emt 0:00:30]} Qxc2 {[%emt 0:02:45]} 21. Rxc2 {[%emt 0:01:30]} Bxf4 {[%emt 0:00:30]} 22. gxf4 {[%emt 0:00:00]} Rad8 {[%emt 0:01:15]} 23. Rcd2 {[%emt 0:00:00]} Rxd2 {[%emt 0:00:08]} 24. Rxd2 {[%emt 0:00:30]} Kf8 {[%emt 0:00:00]} 25. Rd7 {[%emt 0:00:00]} Re7 {[%emt 0:00:09]} 26. Rd8+ {[%emt 0:00:00]} Re8 {[%emt 0:00:03]} 27. Rd7 {[%emt 0:00:30]} Re7 {[%emt 0:00:00]} 28. Rd8+ {[%emt 0:00:00]} Re8 {[%emt 0:00:07]} 29. Rd7 {[%emt 0:00:00]} Re7 {[%emt 0:00:04]} 30. Rd8+ {[%emt 0:00:00]} Re8 {[%emt 0:00:24]} 1/2-1/2

[Event "World Junior U20 Open 2018"]
[Site "Gebze"]
[Date "2018.09.11"]
[Round "7.48"]
[White "Vanczak, Tamas"]
[Black "Krishna Teja, N."]
[Result "0-1"]
[WhiteElo "2276"]
[BlackElo "2356"]
[Annotator "NA"]
[PlyCount "82"]
[EventDate "2018.09.05"]
[EventType "swiss"]
[EventCountry "TUR"]
[SourceTitle "playchess.com"]
[Source "ChessBase"]
[SourceQuality "1"]
[TimeControl "40/5400+30:1800+30"]

1. e4 {[%emt 0:00:30]} c6 {[%emt 0:00:30]} 2. d4 {[%emt 0:00:30]} d5 {[%emt 0:00:30]} 3. Nc3 {[%emt 0:00:00]} dxe4 {[%emt 0:00:00]} 4. Nxe4 {[%emt 0:00:00]} Bf5 {[%emt 0:00:00]} 5. Ng3 {[%emt 0:00:30]} Bg6 {[%emt 0:00:00]} 6. h4 {[%emt 0:00:00]} h6 {[%emt 0:00:00]} 7. Nf3 {[%emt 0:00:00]} e6 {[%emt 0:00:00]} 8. Ne5 {[%emt 0:00:30]} Bh7 {[%emt 0:00:00]} 9. Bd3 {[%emt 0:01:30]} Bxd3 {[%emt 0:00:30]} 10. Qxd3 {[%emt 0:00:00]} Nf6 {[%emt 0:00:30]} 11. Bd2 {[%emt 0:03:00]} Be7 {[%emt 0:03:30] B19: Classical Caro-Kann: 4...Bf5 main line} 12. O-O-O {[%emt 0:01:30]} Nbd7 {[%emt 0:06:30]} 13. f4 {[%emt 0:01:30]} Qc7 {[%emt 0:01:30] LiveBook: 4 Games} 14. Kb1 {[%emt 0:04:30]} (14. Ne4 Nxe4 15. Qxe4 Nf6 16. Qf3 g6 17. Kb1 h5 18. c4 Rc8 19. Bc3 b5 20. d5 cxd5 21. cxd5 Nxd5 22. Rxd5 exd5 23. Qxd5 {1-0 (29) Saric,I (2652)-Navara,D (2725) Tallinn 2016}) 14... Rf8 {[%emt 0:00:30]} 15. Rhe1 $146 {[%emt 0:06:30]} ({Predecessor:} 15. f5 O-O-O 16. Qe2 Nxe5 17. dxe5 Nd5 18. Qe4 Kb8 19. c4 Nb4 20. f6 gxf6 21. exf6 {1-0 (46) Gruenfeld,Y (2448)-Duchko,U Opatija 2014}) 15... O-O-O {[%emt 0:00:30]} 16. Qf3 {[%emt 0:00:30]} c5 {[%emt 0:05:30]} 17. Qa3 {[%emt 0:08:30]} Kb8 {[%emt 0:02:30]} 18. Ba5 {[%emt 0:09:30]} b6 {[%emt 0:04:30]} 19. Qf3 {[%emt 0:03:30]} (19. Bd2 $11 {remains equal.}) 19... Nxe5 {[%emt 0:07:30]} 20. fxe5 {[%emt 0:01:30]} Ng8 {[%emt 0:05:30]} 21. Bc3 {[%emt 0:02:30]} cxd4 {[%emt 0:00:30]} 22. Bxd4 {[%emt 0:01:30]} Bxh4 {[%emt 0:01:30]} 23. Bc3 {[%emt 0:01:30]} Ne7 {[%emt 0:08:30]} 24. Bb4 {[%emt 0:02:30]} Bxg3 {[%emt 0:00:30]} 25. Qxg3 {[%emt 0:01:30]} Nf5 {[%emt 0:00:30]} 26. Qf3 {[%emt 0:08:30]} Rxd1+ {[%emt 0:00:30]} 27. Rxd1 {[%emt 0:00:30]} Rc8 {[%emt 0:02:30]} 28. c3 {[%emt 0:02:30]} Qb7 {[%emt 0:02:30]} 29. Qe2 {[%emt 0:07:30]} Ng3 {[%emt 0:02:30]} 30. Qg4 {[%emt 0:08:30]} Nf5 $2 {[%emt 0:06:30]} (30... Qxg2 $19 31. Qxg7 Qe4+ 32. Ka1 Nf5) 31. Qe2 {[%emt 0:01:30]} h5 {[%emt 0:02:30]} 32. a4 {[%emt 0:08:18]} h4 {[%emt 0:00:30]} 33. Rd3 {[%emt 0:02:45]} a5 {[%emt 0:00:30]} 34. Ba3 {[%emt 0:01:25]} Qc6 {[%emt 0:01:30]} 35. Qd2 {[%emt 0:01:43]} Qe4 {[%emt 0:04:30]} 36. Bd6+ {[%emt 0:05:46]} Kb7 {[%emt 0:00:00]} 37. b3 {[%emt 0:01:49]} g5 {[%emt 0:01:00]} 38. Kb2 $19 {[%emt 0:01:34]} (38. Ka2 $142 g4 39. Ba3) 38... g4 {[%emt 0:00:00]} 39. c4 {[%emt 0:00:19]} g3 {[%emt 0:01:00]} 40. c5 {[%emt 0:00:00]} h3 {[%emt 0:00:00]} 41. cxb6 {[%emt 0:02:21]} Qxg2 {[%emt 0:01:00]} 0-1

[Event "World Junior U20 Open 2018"]
[Site "Gebze"]
[Date "2018.09.11"]
[Round "7.49"]
[White "Tuncer, Tuna"]
[Black "Nogerbek, Kazybek"]
[Result "0-1"]
[WhiteElo "2342"]
[BlackElo "2261"]
[Annotator "TA"]
[PlyCount "86"]
[EventDate "2018.09.05"]
[EventType "swiss"]
[EventCountry "TUR"]
[SourceTitle "playchess.com"]
[Source "ChessBase"]
[SourceQuality "1"]

{[%evp 9,86,14,22,-12,-12,-4,-12,-12,-5,-7,-11,-12,0,-12,-11,-105,-44,-82,-88,-91,-87,-76,-12,-9,5,7,7,-27,-31,-34,-43,-60,-12,-69,-62,-56,-33,-51,-39,-87,-78,-79,-77,-85,-77,-87,-74,-87,-69,-64,-80,-145,-102,-189,-81,-135,-116,-191,-206,-271,-239,-237,-218,-282,-253,-527,-516,-691,-676,-658,-650,-1227,-1181,-29984,-29985,-29989,-29990,-29990,-29991]} 1. Nf3 Nf6 2. g3 b5 3. Bg2 Bb7 4. a4 b4 5. O-O e6 6. b3 {A05: Réti Opening: 1 Nf3 Nf6} (6. d3 a5 7. e4 Be7 8. Nbd2 O-O 9. Re1 d6 10. Nc4 Nbd7 11. b3 d5 12. exd5 Nxd5 13. Bb2 Bf6 14. Nfe5 Nxe5 15. Nxe5 {½-½ (48) Santos Latasa,J (2576)-Vallejo Pons,F (2707) Leon 2018}) 6... c5 7. Bb2 Be7 8. d3 {The position is equal.} O-O 9. e4 d5 $146 ({Predecessor:} 9... d6 10. Nbd2 e5 11. Nc4 Nc6 12. Nfd2 {0-1 (39) Schmittdiel,E (2439)-De Francesco,K (2246) Augsburg 2013}) 10. Ne5 Nfd7 11. Nxd7 Nxd7 {[%cal Bb8d7,Bd7b6,Bb6c4][%mdl 32]} 12. f4 {[#]} (12. Qe2 $11) 12... dxe4 (12... c4 $1 $17 {[%mdl 512]} 13. bxc4 dxc4) 13. dxe4 {[#]} c4 $1 {[%mdl 512]} 14. bxc4 Nb6 15. Nd2 Bc5+ (15... a5 $17) 16. Kh1 $11 Bd4 17. Bxd4 Qxd4 18. Rf3 Nxc4 19. Rd3 Qc5 {Threatens to win with ...Nb2.} 20. Nb3 Qf2 {White must now prevent ...Nb2.} 21. Rf3 (21. Qg1 $11 Qxg1+ 22. Kxg1) 21... Qb6 $15 22. a5 Qc7 23. Qe1 $1 Rac8 24. a6 Ba8 $1 25. c3 Nd6 $36 {[%mdl 2048] Keeping White busy.} 26. cxb4 Bxe4 27. Rf2 Bxg2+ 28. Rxg2 Nf5 29. Nc5 Rfd8 30. Rc1 ({White should play} 30. g4 Nd4 31. Qe4) 30... Qc6 31. Qe2 {[#]} (31. g4 $17 {might work better.} Nd4 32. Qf2) 31... Qd5 (31... h5 $1 $19 {[%mdl 512] has better winning chances.} 32. Rc3 (32. Qxh5 Rd2) 32... Rb8) 32. Qa2 (32. Re1 $142) 32... Qa8 $17 {aiming for ...Ne3.} 33. Qf2 {[#]} (33. Kg1 $17 {was called for.}) 33... h5 $1 $19 34. Rb1 Qc6 35. h3 {[#]} h4 $1 {[%mdl 512]} 36. gxh4 Rd4 {[%cal Bd8d4,Bd4f4,Bf4f2][%mdl 32]} 37. Kh2 $2 (37. h5) 37... Qd6 38. Nb7 Qxa6 39. Nc5 Qd6 40. Nb7 Qb8 41. Rbg1 Rxf4 {Black mates.} 42. Rxg7+ Nxg7 43. Qg3 Rf2+ {Precision: White = 33%, Black = 63%.} 0-1